[Event "Warsaw AIG Life rapid 8th"]
[Site "Warsaw"]
[Date "2008.12.21"]
[Round "10"]
[White "Szymanski, Piotr"]
[Black "Schmidt, Wlodzimierz"]
[Result "0-1"]
[WhiteElo "2218"]
[BlackElo "2399"]
[PlyCount "118"]
[EventDate "2008.12.20"]
[EventType "swiss (rapid)"]
[EventRounds "13"]
[EventCountry "POL"]
[SourceTitle "CBM 127 Extra"]
[Source "ChessBase"]
[SourceDate "2009.01.08"]
[SourceVersion "2"]
[SourceVersionDate "2009.01.28"]
[SourceQuality "1"]

1. d4 Nf6 2. Nf3 g6 3. Bg5 Bg7 4. Nbd2 d5 5. e3 0-0 6. Be2 c6 7. h3 Nbd7 8. 0-0 Re8 9. c4 e5 10. cxd5 cxd5 11. dxe5 Nxe5 12. Nd4 Qb6 13. Qb3 Qxb3 14. N4xb3 Bf5 15. Nd4 Bd3 16. Bxd3 Nxd3 17. b3 Ne4 18. N2f3 h6 19. Bf4 Nxf4 20. exf4 Nd2 21. Nxd2 Bxd4 22. Rad1 Re2 23. Nf3 Bb6 24. Rxd5 Rxa2 25. f5 gxf5 26. Rxf5 Re8 27. Ne5 Ra5 28. Nxf7 Re6 29. Rf3 Rd5 30. Rc1 Rd7 31. Rc8+ Kg7 32. Nh8 Rf6 33. Rxf6 Kxf6 34. h4 h5 35. Rg8 Rd3 36. Rg6+ Ke7 37. Rg5 Rxb3 38. Ng6+ Kd6 39. Rxh5 a5 40. Ne5 a4 41. Nc4+ Kc7 42. Rh7+ Kb8 43. h5 a3 44. Nxa3 Rxa3 45. Rf7 Bd4 46. h6 b5 47. h7 b4 48. Rf8+ Kc7 49. h8Q Bxh8 50. Rxh8 b3 51. Rh7+ Kc6 52. Rh6+ Kc5 53. Rh5+ Kc4 54. Rh4+ Kc3 55. Rh3+ Kc2 56. Rxb3 Rxb3 57. g4 Kd2 58. Kg2 Ke2 59. g5 Rf3 0-1

[Event "Warsaw AIG Life rapid 8th"]
[Site "Warsaw"]
[Date "2008.12.20"]
[Round "4"]
[White "Szymanski, Piotr"]
[Black "Butkiewicz, Lukasz"]
[Result "1/2-1/2"]
[WhiteElo "2218"]
[BlackElo "2328"]
[PlyCount "80"]
[EventDate "2008.12.20"]
[EventType "swiss (rapid)"]
[EventRounds "13"]
[EventCountry "POL"]
[SourceTitle "CBM 127 Extra"]
[Source "ChessBase"]
[SourceDate "2009.01.08"]
[SourceVersion "2"]
[SourceVersionDate "2009.01.28"]
[SourceQuality "1"]

1. d4 Nf6 2. Nf3 c5 3. c3 cxd4 4. cxd4 d6 5. Nc3 g6 6. g3 Bg7 7. Bg2 0-0 8. 0-0 Nc6 9. d5 Nb8 10. Nd4 Nbd7 11. b3 Nc5 12. Bb2 Bd7 13. Rc1 a5 14. e3 Qb6 15. a4 Ng4 16. Ncb5 Bxb5 17. axb5 Ne5 18. Bc3 Rfc8 19. Ra1 Ned3 20. Qd2 Nb4 21. Bxb4 axb4 22. Qxb4 Na6 23. Qa5 Qxa5 24. Rxa5 Nc5 25. b4 Bxd4 26. Rxa8 Rxa8 27. bxc5 Bxc5 28. Rb1 Kf8 29. Bf3 Ke8 30. Kf1 Kd8 31. h4 Kc7 32. h5 Kb6 33. hxg6 hxg6 34. Kg1 Ra2 35. Kf1 e5 36. dxe6 fxe6 37. Bg4 e5 38. Bf3 Ra4 39. Bd5 Ra3 40. Ke2 Ra4 1/2-1/2

[Event "POL-chT 2nd League"]
[Site "Ustron"]
[Date "2008.09.07"]
[Round "2.97"]
[White "Szymanski, Piotr"]
[Black "Slabek, Grzegorz"]
[Result "1/2-1/2"]
[WhiteElo "2210"]
[BlackElo "2160"]
[PlyCount "43"]
[EventDate "2008.09.06"]
[EventType "team-swiss"]
[EventRounds "9"]
[EventCountry "POL"]
[SourceTitle "EXT 2015"]
[Source "ChessBase"]
[SourceDate "2014.11.20"]
[SourceVersion "1"]
[SourceVersionDate "2014.11.20"]
[SourceQuality "1"]
[WhiteTeam "Lomza Devo Maraton"]
[BlackTeam "Krakow KKSz"]
[WhiteTeamCountry "POL"]
[BlackTeamCountry "POL"]

1. d4 Nf6 2. Nf3 g6 3. c4 Bg7 4. Nc3 0-0 5. Bg5 d6 6. e3 c6 7. Be2 a6 8. 0-0 b5 9. b3 h6 10. Bh4 Bb7 11. Nd2 Nbd7 12. Rc1 b4 13. Na4 c5 14. Bf3 Bxf3 15. Qxf3 Nb6 16. Qc6 Nxa4 17. Qxa4 g5 18. Bg3 Qd7 19. Qa5 Qd8 20. Qa4 Qd7 21. Qa5 Qd8 22. Qa4 1/2-1/2

[Event "Ostroda op"]
[Site "Ostroda"]
[Date "2007.08.10"]
[Round "7"]
[White "Szymanski, Piotr"]
[Black "Kotermanska, Anna"]
[Result "1-0"]
[WhiteElo "2238"]
[BlackElo "1980"]
[PlyCount "61"]
[EventDate "2007.08.06"]
[EventType "swiss"]
[EventRounds "9"]
[EventCountry "POL"]
[SourceTitle "EXT 2009"]
[Source "ChessBase"]
[SourceDate "2008.11.26"]
[SourceVersion "1"]
[SourceVersionDate "2008.11.26"]
[SourceQuality "1"]

1. e4 e5 2. Bc4 Nc6 3. Nc3 Nf6 4. d3 Be7 5. f4 d6 6. Nf3 0-0 7. 0-0 Bg4 8. h3 Bxf3 9. Qxf3 Nd4 10. Qd1 c6 11. Be3 b5 12. Bb3 a5 13. a4 Nxb3 14. cxb3 b4 15. Ne2 Nd7 16. d4 exf4 17. Nxf4 c5 18. dxc5 Nxc5 19. Nd5 Bg5 20. Bxc5 dxc5 21. Qg4 Rc8 22. Rad1 h6 23. e5 Kh8 24. h4 Be7 25. Nf6 Qc7 26. Nd7 Rfd8 27. Rxf7 Bf8 28. Rdf1 Rxd7 29. Rxd7 Qxe5 30. Rdf7 Qb8 31. Qxc8 1-0

[Event "Ostroda op"]
[Site "Ostroda"]
[Date "2007.08.09"]
[Round "6"]
[White "Szczepaniec, Stanislaw"]
[Black "Szymanski, Piotr"]
[Result "1-0"]
[WhiteElo "2118"]
[BlackElo "2238"]
[PlyCount "117"]
[EventDate "2007.08.06"]
[EventType "swiss"]
[EventRounds "9"]
[EventCountry "POL"]
[SourceTitle "EXT 2009"]
[Source "ChessBase"]
[SourceDate "2008.11.26"]
[SourceVersion "1"]
[SourceVersionDate "2008.11.26"]
[SourceQuality "1"]

1. c4 e5 2. Nc3 Nf6 3. g3 Bb4 4. Bg2 Bxc3 5. bxc3 0-0 6. Nf3 d6 7. 0-0 Nc6 8. d3 Be6 9. Ne1 d5 10. cxd5 Bxd5 11. Nc2 Bxg2 12. Kxg2 Qd5+ 13. Kg1 e4 14. Ne3 Qh5 15. Kg2 Rfd8 16. d4 Ne7 17. Rb1 b6 18. h3 Ned5 19. Nxd5 Nxd5 20. Qc2 f5 21. c4 Ne7 22. e3 Ng6 23. Bb2 c6 24. Rbd1 Qf3+ 25. Kh2 Re8 26. d5 cxd5 27. Rxd5 f4 28. exf4 Nxf4 29. gxf4 Qxf4+ 30. Kg1 Rac8 31. Qc3 Re7 32. Qg3 Qxg3+ 33. fxg3 e3 34. c5 bxc5 35. Ba3 e2 36. Re1 Re3 37. Bxc5 Rxg3+ 38. Kh2 Rc3 39. Bb4 Rc2 40. a3 Re8 41. Kg2 Rc6 42. Rf5 Rb6 43. Rf3 h6 44. Kf2 a6 45. Bd2 g5 46. Re3 Rxe3 47. Bxe3 Kf7 48. Rxe2 Kg6 49. Rc2 Re6 50. a4 Kf5 51. Kf3 Rc6 52. Rc5+ Rxc5 53. Bxc5 Ke5 54. Ke3 Kf6 55. Ba7 Ke6 56. Bb8 Kf6 57. Ke4 Ke6 58. Ba7 g4 59. hxg4 1-0

[Event "Ostroda op"]
[Site "Ostroda"]
[Date "2007.08.08"]
[Round "4"]
[White "Zielinski, Stanislaw"]
[Black "Szymanski, Piotr"]
[Result "0-1"]
[WhiteElo "2069"]
[BlackElo "2238"]
[PlyCount "96"]
[EventDate "2007.08.06"]
[EventType "swiss"]
[EventRounds "9"]
[EventCountry "POL"]
[SourceTitle "EXT 2009"]
[Source "ChessBase"]
[SourceDate "2008.11.26"]
[SourceVersion "1"]
[SourceVersionDate "2008.11.26"]
[SourceQuality "1"]

1. e4 d6 2. d4 Nf6 3. Bd3 e5 4. c3 Nc6 5. Ne2 Qe7 6. 0-0 g6 7. h3 Bg7 8. f4 0-0 9. Nd2 b6 10. b3 exd4 11. cxd4 Bb7 12. e5 dxe5 13. fxe5 Nxe5 14. dxe5 Qxe5 15. Nc4 Qxa1 16. Qc2 Nd5 17. Bb2 Bxb2 18. Rxa1 Bxa1 19. h4 Bg7 20. a3 Rfe8 21. h5 Nf6 22. hxg6 hxg6 23. Nd2 Re7 24. Ng3 Ng4 25. Nf3 Bxf3 26. gxf3 Bd4+ 27. Kh1 Nf2+ 28. Kg2 Nxd3 29. Qxd3 c5 30. Ne4 Kg7 31. b4 Rae8 32. bxc5 bxc5 33. Nd6 Rd8 34. Nc4 Re1 35. f4 Rde8 36. Ne5 Bxe5 37. fxe5 R1xe5 38. Qd7 R8e7 39. Qb5 Re2+ 40. Kf3 c4 41. Qc5 Kh7 42. a4 R2e3+ 43. Kf2 c3 44. a5 a6 45. Qc4 c2 46. Qc8 Re1 47. Qh3+ Kg8 48. Qc8+ Re8 0-1

[Event "Mazowieckie-chT op 0607 playoff"]
[Site "Poland"]
[Date "2007.02.25"]
[Round "10.2"]
[White "Rogulski, Witold"]
[Black "Szymanski, Piotr"]
[Result "0-1"]
[WhiteElo "2103"]
[BlackElo "2232"]
[PlyCount "83"]
[EventDate "2006.10.22"]
[EventType "team-swiss"]
[EventRounds "10"]
[EventCountry "POL"]
[SourceTitle "EXT 2019"]
[Source "ChessBase"]
[SourceDate "2018.10.10"]
[SourceVersion "1"]
[SourceVersionDate "2018.10.10"]
[SourceQuality "1"]

1. e4 g6 2. d4 Bg7 3. Be2 c5 4. c3 b6 5. Be3 d6 6. Nd2 Nf6 7. Bf3 Bb7 8. e5 Nd5 9. exd6 cxd4 10. Bxd4 Bxd4 11. Qa4+ Nc6 12. Bxd5 Qxd6 13. Bxc6+ Bxc6 14. Qxd4 Qxd4 15. cxd4 Bxg2 16. Ne2 Bxh1 17. f3 Rc8 18. Kf2 Rc2 19. Rd1 Rxb2 20. Ng3 Rxa2 21. Nxh1 Kd7 22. Ng3 Rc8 23. Ke3 Rc3+ 24. Ke4 Rcc2 25. Kd3 Rc8 26. Nge4 Ra3+ 27. Ke2 f5 28. Ng5 Ke8 29. Nxh7 Kf7 30. Ng5+ Kf6 31. f4 Rac3 32. Ra1 R8c7 33. Nde4+ fxe4 34. Nxe4+ Kf5 35. Nxc3 Rxc3 36. Rxa7 e6 37. Rf7+ Ke4 38. Rf6 Rc2+ 39. Kd1 Kd3 40. Ke1 Re2+ 41. Kf1 Re4 42. Kg2 0-1

[Event "POL-chT Mazovia 06/07 op"]
[Site "Poland"]
[Date "2007.01.21"]
[Round "7.13"]
[White "Dobrowolski, Marcin"]
[Black "Szymanski, Piotr"]
[Result "0-1"]
[WhiteElo "1908"]
[BlackElo "2232"]
[PlyCount "101"]
[EventDate "2006.10.22"]
[EventType "team-swiss"]
[EventRounds "10"]
[EventCountry "POL"]
[SourceTitle "EXT 2019"]
[Source "ChessBase"]
[SourceDate "2018.10.10"]
[SourceVersion "1"]
[SourceVersionDate "2018.10.10"]
[SourceQuality "1"]
[WhiteTeam "Jablonna Lotos"]
[BlackTeam "Lomza Devo Maraton"]
[WhiteTeamCountry "POL"]
[BlackTeamCountry "POL"]

1. d4 Nf6 2. c4 e6 3. Nc3 d5 4. Bg5 Be7 5. e3 0-0 6. Nf3 h6 7. Bh4 b6 8. Bxf6 Bxf6 9. cxd5 exd5 10. Rc1 Bb7 11. Bd3 Nd7 12. Qb3 c5 13. Nxd5 cxd4 14. e4 Bxd5 15. Qxd5 Nc5 16. Qxd8 Raxd8 17. Ke2 Rfe8 18. Nd2 Bg5 19. f3 f5 20. h4 Bf4 21. g4 fxg4 22. fxg4 Bxd2 23. Kxd2 Nxe4+ 24. Bxe4 Rxe4 25. g5 hxg5 26. hxg5 Rg4 27. Rhg1 Rxg1 28. Rxg1 Kf7 29. Re1 Rd5 30. Kd3 Rxg5 31. Kxd4 Rg2 32. Rc1 Rxb2 33. Rc7+ Kf6 34. Rxa7 Re2 35. a4 g5 36. a5 bxa5 37. Rxa5 g4 38. Rb5 Re8 39. Ra5 g3 40. Ra3 Rg8 41. Ra1 Kf5 42. Ke3 Kg4 43. Ke2 Rf8 44. Ra7 Kh3 45. Rh7+ Kg2 46. Re7 Rh8 47. Re6 Kh2 48. Kf3 g2 49. Re2 Rf8+ 50. Kg4 Kh1 51. Kg3 0-1

[Event "POL-chT Mazovia 06/07 op"]
[Site "Poland"]
[Date "2007.01.07"]
[Round "6.13"]
[White "Szymanski, Piotr"]
[Black "Brudzinski, Maciej"]
[Result "1/2-1/2"]
[WhiteElo "2232"]
[BlackElo "2180"]
[PlyCount "57"]
[EventDate "2006.10.22"]
[EventType "team-swiss"]
[EventRounds "10"]
[EventCountry "POL"]
[SourceTitle "EXT 2019"]
[Source "ChessBase"]
[SourceDate "2018.10.10"]
[SourceVersion "1"]
[SourceVersionDate "2018.10.10"]
[SourceQuality "1"]
[WhiteTeam "Lomza Devo Maraton"]
[BlackTeam "Bialoleka PKS Agape U20"]
[WhiteTeamCountry "POL"]
[BlackTeamCountry "POL"]

1. d4 Nf6 2. Nf3 g6 3. c4 c5 4. Nc3 cxd4 5. Nxd4 Nc6 6. g3 Bg7 7. Bg2 a6 8. 0-0 Qc7 9. Bg5 Nxd4 10. Qxd4 0-0 11. Rad1 d6 12. Bxf6 Bxf6 13. Nd5 Qa5 14. Nxf6+ exf6 15. a3 Be6 16. Bxb7 Rab8 17. Bf3 Qe5 18. b4 a5 19. Qxe5 dxe5 20. bxa5 Bxc4 21. Rd6 Rb5 22. Rc1 e4 23. Bxe4 Bxe2 24. a6 Ra5 25. Bb7 Rxa3 26. Rxf6 Kg7 27. Rb6 Rd8 28. Rbc6 Rd2 29. R6c2 1/2-1/2

[Event "Warsaw AIG Life rapid 6th"]
[Site "Warsaw"]
[Date "2006.12.16"]
[Round "5"]
[White "Zezulkin, Jurij"]
[Black "Szymanski, Piotr"]
[Result "1-0"]
[WhiteElo "2448"]
[BlackElo "2232"]
[PlyCount "63"]
[EventDate "2006.12.16"]
[EventType "swiss (rapid)"]
[EventRounds "13"]
[EventCountry "POL"]
[SourceTitle "CBM 115 Extra"]
[Source "ChessBase"]
[SourceDate "2007.01.10"]
[SourceVersion "1"]
[SourceVersionDate "2007.01.10"]
[SourceQuality "1"]

1. e4 Nf6 2. Nc3 d6 3. d4 g6 4. Bc4 Bg7 5. Qe2 e5 6. dxe5 dxe5 7. Be3 Qe7 8. Nd5 Nxd5 9. Bxd5 0-0 10. h4 c6 11. Bb3 h5 12. Nh3 Bxh3 13. Rxh3 Nd7 14. g4 Nf6 15. gxh5 Nxh5 16. Qg4 Kh7 17. 0-0-0 Rfd8 18. Rg1 Bh6 19. Rf3 Bf4 20. Bxf4 exf4 21. Rxf4 Nxf4 22. Qxf4 f6 23. Qg4 Qg7 24. f4 Qh6 25. Bf7 Kh8 26. h5 g5 27. Qe6 g4 28. Rxg4 Rf8 29. Kb1 Rad8 30. a3 Rxf7 31. Qxf7 Rf8 32. Qe7 1-0